LEADER 01098nam0-2200385---450 001 990005641880203316 005 20191023181037.0 035 $a000564188 035 $aUSA01000564188 035 $a(ALEPH)000564188USA01 035 $a000564188 100 $a20040423d1984----|||y0itaa50------ba 101 $aita 102 $ait 105 $a0 00||| 200 1 $aSemiotica e filosofia del linguaggio$fUmberto Eco 210 $aTorino$cEinaudi$dcopyr. 1984 215 $a318 p.$d21 cm. 225 2 $aEinaudi paperbacks$v151 410 0$12001$aEinaudi paperbacks$v151 606 $aSEMIOTICA$xSTUDI$2F 620 $dTORINO 676 $a121.68 700 1$aECO,$bUmberto$0318813 801 0$aIT$bSA$c20111219 912 $a990005641880203316 950 0$aDipar.to di Filosofia - Salerno$dDFFDC ECO$e5047 FIL 951 $aCC 121.68 ECO$b2333 FIL 951 $aXV.18.A. 386 (FDC ECO)$b5047 FIL 959 $aBK 969 $aFDECI 979 $c20121027$lUSA01$h1525 979 $c20121027$lUSA01$h1614 996 $aSemiotica e filosofia del linguaggio$9131175 997 $aUNISA LEADER 00858nam a22002418i 4500 001 991001766119707536 008 030909s1999 nyu b 001 0 eng d 020 $a019829817X 035 $ab12193987-39ule_inst 040 $aISUFI - Sett. Diritti e Politiche Euromediterranee$bita 082 0 $a346 100 1 $aCollins, Hugh,$d1953-$0451669 245 10$aRegulating contracts /$cHugh Collins 260 $aOxford and New York :$bOxford University Press,$cc1999 300 $axv, 386 p. ;$c25cm 504 $aBibliografia 650 4$aContratti 907 $a.b12193987$b04-10-06$c09-09-03 912 $a991001766119707536 945 $aLE029 346 COL01.01$g1$i2029000002959$lle029$op$pE82.50$q-$rn$so $t0$u0$v0$w0$x0$y.i12563523$z11-09-03 996 $aRegulating contracts$9156949 997 $aUNISALENTO 998 $ale029$b09-09-03$cm$da $e-$feng$gnyu$h0$i1